Normal view
MARC view
- Hafiz Zia ur Rahman
Entry Personal Name
001 - CONTROL NUMBER
- control field: 83985
003 - CONTROL NUMBER IDENTIFIER
- control field: NUST
005 - DATE AND TIME OF LATEST TRANSACTION
- control field: 20211112112440.0
008 - FIXED-LENGTH DATA ELEMENTS
- fixed length control field: 211112|| aca||aabn | a|a d
040 ## - CATALOGING SOURCE
- Original cataloging agency: NUST
- Transcribing agency: NUST
100 ## - HEADING--PERSONAL NAME
- Personal name: Hafiz Zia ur Rahman
670 ## - SOURCE DATA FOUND
- Source citation: Work cat.: (NUST): Hafiz Zia ur Rahman , TH-SOF-1925-Numerical Investigation of Friction and Wear Characteristics of Surfaces using MoS2 Nanoparticles in PAO, 2021.
